00000000nam##2200000za#4500
0019.569951
003CaOODSP
00520210624182018
007cr |||||||||||
008150406|2002||||xxc|||||o    f|0| 0 eng|d
040 |aCaOODSP|beng
043 |an-cn---
0861 |aNH18-1-2/122-2002E-PDF
1102 |aCanada Mortgage and Housing Corporation.
24510|aComposite masonry wall ties : |h[electronic resource]|bfinal report / |c[by] Vera Straka.
260 |aOttawa - Ontario : |bCanada Mortgage and Housing Corporation |c[2002].
300 |a59p.|bfigs. (some coloured), graphs, references, tables, photographs
4901 |aResearch report
546 |a(Résumé en français.)
590 |a11-26-Supp|b2011-11-03
7201 |aStraka, Vera
830#0|aResearch report (Canada Mortgage and Housing Corporation : Online)|w(CaOODSP)9.506068
85640|ahttp://publications.gc.ca|qPDF|s2.64 MB|uhttps://publications.gc.ca/collections/collection_2011/schl-cmhc/nh18-1-2/NH18-1-2-122-2002-eng.pdf